Holiday Quiz

Random Holiday or Puzzle Quiz

16 Little Holiday Pictograms Quiz Stats

 Plays Quiz not verified by Sporcle

Score 0/16 Timer 06:00
17 Plays Today
Hint Answer % Correct
Palm Sunday
86.1%
Pi (Day)
84.7%
Easter
81.4%
St. Patrick's (Day)
80.8%
Ash Wednesday
79.9%
Columbus (Day)
73.8%
Bonfire Night
72.5%
Carnival
71.2%
Hint Answer % Correct
Advent
66.3%
Arbor (Day)
66.2%
Diwali
66.1%
Hanukkah
65.6%
New Year's (Day)
57.2%
Martin Luther King (Day)
49.8%
Bastille (Day)
37.5%
Purim
36.9%

You're not logged in!

Compare scores with friends on all Sporcle quizzes.
OR
Log In

You Might Also Like...

Show Comments

Extras

Top Quizzes Today


Score Distribution

Your Account Isn't Verified!

In order to create a playlist on Sporcle, you need to verify the email address you used during registration. Go to your Sporcle Settings to finish the process.

Report this User

Report this user for behavior that violates our Community Guidelines.

Details: